[Event "Masters"]
[Site "Heerlen and Maastricht, NL"]
[Date "2025.06.04"]
[Round "1"]
[White "Beukema, Stefan"]
[Black "Van Meegen, Ruud"]
[Result "1-0"]
[Board "4"]
[WhiteFideId "1024523"]
[BlackFideId "1034995"]
[WhiteTitle "IM"]
[BlackTitle "FM"]
[WhiteElo "2423"]
[BlackElo "2317"]
[WhiteTeam "BEL"]
[BlackTeam "NED"]
[WhiteClock "0:08:49"]
[BlackClock "0:04:40"]
[Variant "Standard"]

1. e4 {[%clk 1:30:53]}  c6 {[%clk 1:30:48]} 2. d4 {[%clk 1:31:17]}  d5 {[%clk 1:31:14]} 3. Nc3 {[%clk 1:31:41]}  dxe4 {[%clk 1:31:25]} 4. Nxe4 {[%clk 1:32:05]}  Bf5 {[%clk 1:31:47]} 5. Ng3 {[%clk 1:32:27]}  Bg6 {[%clk 1:32:12]} 6. Nh3 {[%clk 1:32:49]}  Nf6 {[%clk 1:32:16]} 7. Bc4 {[%clk 1:33:04]}  e6 {[%clk 1:26:27]} 8. Nf4 {[%clk 1:30:47]}  Bd6 {[%clk 1:21:49]} 9. O-O {[%clk 1:29:48]}  Qc7 {[%clk 1:19:54]} 10. Qf3 {[%clk 1:30:04]}  O-O {[%clk 1:14:18]} 11. Bb3 {[%clk 1:28:48]}  Nbd7 {[%clk 1:14:10]} 12. h4 {[%clk 1:24:11]}  e5 {[%clk 1:06:38]} 13. Nxg6 {[%clk 1:19:50]}  hxg6 {[%clk 1:07:01]} 14. c3 {[%clk 1:11:50]}  Rfe8 {[%clk 0:58:30]} 15. h5 {[%clk 1:02:55]}  e4 {[%clk 0:43:54]} 16. Qe2 {[%clk 1:01:48]}  gxh5 {[%clk 0:44:06]} 17. Nxh5 {[%clk 1:02:07]}  Qa5 {[%clk 0:35:08]} 18. Nxf6+ {[%clk 0:51:12]}  Nxf6 {[%clk 0:35:13]} 19. g3 {[%clk 0:51:35]}  g6 {[%clk 0:25:35]} 20. Kg2 {[%clk 0:38:24]}  Kg7 {[%clk 0:26:00]} 21. Rh1 {[%clk 0:36:15]}  Rh8 {[%clk 0:26:15]} 22. Bd2 {[%clk 0:35:21]}  Qf5 {[%clk 0:26:15]} 23. Bc2 {[%clk 0:34:55]}  Rae8 {[%clk 0:24:28]} 24. Rxh8 {[%clk 0:32:01]}  Rxh8 {[%clk 0:24:44]} 25. Rh1 {[%clk 0:32:28]}  Rxh1 {[%clk 0:21:06]} 26. Kxh1 {[%clk 0:32:53]}  Qg4 {[%clk 0:14:18]} 27. Qe1 {[%clk 0:20:59]}  c5 {[%clk 0:11:18]} 28. Be3 {[%clk 0:19:55]}  Qf5 {[%clk 0:10:58]} 29. Kg1 {[%clk 0:19:44]}  a6 {[%clk 0:10:34]} 30. Qe2 {[%clk 0:17:26]}  cxd4 {[%clk 0:07:22]} 31. Bxd4 {[%clk 0:17:50]}  Be5 {[%clk 0:07:40]} 32. Qc4 {[%clk 0:17:52]}  Qh5 {[%clk 0:06:30]} 33. Bb3 {[%clk 0:16:32]}  Bxd4 {[%clk 0:01:46]} 34. Qxf7+ {[%clk 0:16:46]}  Kh6 {[%clk 0:02:11]} 35. cxd4 {[%clk 0:15:45]}  Qf3 {[%clk 0:02:23]} 36. Qf8+ {[%clk 0:13:41]}  Kg5 {[%clk 0:01:30]} 37. Qc5+ {[%clk 0:13:49]}  Kh6 {[%clk 0:01:19]} 38. Qc3 {[%clk 0:08:46]}  g5 {[%clk 0:00:45]} 39. Qxf3 {[%clk 0:08:28]}  exf3 {[%clk 0:01:10]} 40. Be6 {[%clk 0:08:55]}  b6 {[%clk 0:01:06]} 41. g4 {[%clk 0:06:11]}  Kg7 {[%clk 0:01:22]} 42. Bf5 {[%clk 0:05:05]}  Kf7 {[%clk 0:01:44]} 43. Kh2 {[%clk 0:05:30]}  Ke7 {[%clk 0:02:06]} 44. Kg3 {[%clk 0:05:56]}  Kd6 {[%clk 0:02:25]} 45. Kxf3 {[%clk 0:06:22]}  Kd5 {[%clk 0:02:30]} 46. Ke3 {[%clk 0:06:47]}  a5 {[%clk 0:02:51]} 47. f3 {[%clk 0:06:49]}  b5 {[%clk 0:02:50]} 48. Bd3 {[%clk 0:05:27]}  b4 {[%clk 0:03:15]} 49. Bc2 {[%clk 0:05:54]}  Kc4 {[%clk 0:03:13]} 50. Bb3+ {[%clk 0:06:20]}  Kb5 {[%clk 0:03:38]} 51. Be6 {[%clk 0:06:45]}  a4 {[%clk 0:03:25]} 52. f4 {[%clk 0:06:57]}  gxf4+ {[%clk 0:03:46]} 53. Kxf4 {[%clk 0:07:21]}  a3 {[%clk 0:04:10]} 54. bxa3 {[%clk 0:07:45]}  bxa3 {[%clk 0:04:35]} 55. g5 {[%clk 0:08:10]}  Nh5+ {[%clk 0:04:34]} 56. Ke5 {[%clk 0:08:15]}  Kc6 {[%clk 0:03:51]} 57. Bg4 {[%clk 0:07:49]}  Ng7 {[%clk 0:04:06]} 58. Kf6 {[%clk 0:07:58]}  Ne8 {[%clk 0:04:30]} 59. Ke7 {[%clk 0:08:23]}  Nc7 {[%clk 0:04:40]} 60. Bf3+ {[%clk 0:08:49]} 1-0

[Event "Masters"]
[Site "Heerlen and Maastricht, NL"]
[Date "2025.06.04"]
[Round "1"]
[White "Grutter, Tim"]
[Black "Zelbel, Patrick"]
[Result "1-0"]
[Board "5"]
[WhiteFideId "1057472"]
[BlackFideId "24624322"]
[WhiteTitle "IM"]
[BlackTitle "IM"]
[WhiteElo "2404"]
[BlackElo "2488"]
[WhiteTeam "NED"]
[BlackTeam "GER"]
[WhiteClock "0:13:46"]
[BlackClock "0:00:33"]
[Variant "Standard"]

1. e4 {[%clk 1:30:56]}  c5 {[%clk 1:30:54]} 2. Nf3 {[%clk 1:31:18]}  Nc6 {[%clk 1:30:43]} 3. Bb5 {[%clk 1:31:18]}  e6 {[%clk 1:30:43]} 4. O-O {[%clk 1:31:08]}  Nge7 {[%clk 1:30:44]} 5. Re1 {[%clk 1:31:05]}  Ng6 {[%clk 1:30:25]} 6. c3 {[%clk 1:28:23]}  Be7 {[%clk 1:30:38]} 7. d4 {[%clk 1:25:45]}  cxd4 {[%clk 1:30:52]} 8. cxd4 {[%clk 1:25:34]}  d5 {[%clk 1:30:58]} 9. e5 {[%clk 1:19:34]}  O-O {[%clk 1:30:05]} 10. Nc3 {[%clk 1:17:37]}  Bd7 {[%clk 1:30:01]} 11. Bd3 {[%clk 1:15:26]}  Rc8 {[%clk 1:22:43]} 12. Ne2 {[%clk 1:10:06]}  Nb4 {[%clk 1:14:55]} 13. Bb1 {[%clk 1:08:15]}  Qc7 {[%clk 1:13:36]} 14. Nc3 {[%clk 1:01:08]}  h6 {[%clk 0:43:36]} 15. h4 {[%clk 0:55:42]}  f5 {[%clk 0:40:17]} 16. exf6 {[%clk 0:51:01]}  Rxf6 {[%clk 0:40:41]} 17. h5 {[%clk 0:41:38]}  Nf4 {[%clk 0:28:31]} 18. Ne5 {[%clk 0:35:12]}  Be8 {[%clk 0:22:53]} 19. Bxf4 {[%clk 0:31:38]}  Rxf4 {[%clk 0:23:21]} 20. a3 {[%clk 0:30:47]}  Nc6 {[%clk 0:22:53]} 21. Qd3 {[%clk 0:28:04]}  g6 {[%clk 0:12:11]} 22. Nxg6 {[%clk 0:22:30]}  Rxd4 {[%clk 0:11:50]} 23. Qe3 {[%clk 0:19:33]}  Bg5 {[%clk 0:08:43]} 24. Qxe6+ {[%clk 0:17:42]}  Bf7 {[%clk 0:09:08]} 25. Qf5 {[%clk 0:17:35]}  a6 {[%clk 0:06:38]} 26. f4 {[%clk 0:15:43]}  Qb6 {[%clk 0:01:57]} 27. Qxc8+ {[%clk 0:15:26]}  Nd8 {[%clk 0:02:23]} 28. Kh1 {[%clk 0:14:27]}  Rxf4 {[%clk 0:00:33]} 29. Nxf4 {[%clk 0:14:19]}  Bxf4 {[%clk 0:00:42]} 30. Bg6 {[%clk 0:13:30]}  Be6 {[%clk 0:00:33]} 31. Rxe6 {[%clk 0:13:46]} 1-0

[Event "Masters"]
[Site "Heerlen and Maastricht, NL"]
[Date "2025.06.05"]
[Round "2"]
[White "Braun, Christian"]
[Black "Zelbel, Patrick"]
[Result "1/2-1/2"]
[Board "1"]
[WhiteFideId "4692098"]
[BlackFideId "24624322"]
[WhiteTitle "IM"]
[BlackTitle "IM"]
[WhiteElo "2390"]
[BlackElo "2488"]
[WhiteTeam "GER"]
[BlackTeam "GER"]
[WhiteClock "1:33:17"]
[BlackClock "1:31:32"]
[Variant "Standard"]

1. e4 {[%clk 1:27:40]}  e5 {[%clk 1:30:50]} 2. Nf3 {[%clk 1:28:03]}  Nc6 {[%clk 1:31:02]} 3. d4 {[%clk 1:28:26]}  exd4 {[%clk 1:31:24]} 4. Nxd4 {[%clk 1:28:49]}  Bc5 {[%clk 1:31:20]} 5. Nb3 {[%clk 1:29:03]}  Bb4+ {[%clk 1:31:17]} 6. c3 {[%clk 1:29:18]}  Be7 {[%clk 1:31:41]} 7. f4 {[%clk 1:29:32]}  d6 {[%clk 1:31:11]} 8. Bd3 {[%clk 1:29:36]}  Nh6 {[%clk 1:31:20]} 9. O-O {[%clk 1:29:52]}  d5 {[%clk 1:30:55]} 10. N1d2 {[%clk 1:29:43]}  dxe4 {[%clk 1:31:05]} 11. Nxe4 {[%clk 1:30:03]}  O-O {[%clk 1:31:12]} 12. h3 {[%clk 1:30:14]}  a5 {[%clk 1:29:20]} 13. a4 {[%clk 1:30:30]}  Nf5 {[%clk 1:29:46]} 14. Qf3 {[%clk 1:30:49]}  Be6 {[%clk 1:30:06]} 15. Bc2 {[%clk 1:31:08]}  Re8 {[%clk 1:30:24]} 16. Rd1 {[%clk 1:31:27]}  Qc8 {[%clk 1:30:46]} 17. Bd2 {[%clk 1:31:46]}  Nh4 {[%clk 1:30:20]} 18. Qg3 {[%clk 1:32:06]}  Nf5 {[%clk 1:30:43]} 19. Qf3 {[%clk 1:32:30]}  Nh4 {[%clk 1:31:06]} 20. Qg3 {[%clk 1:32:53]}  Nf5 {[%clk 1:31:32]} 21. Qf3 {[%clk 1:33:17]} 1/2-1/2

[Event "Masters"]
[Site "Heerlen and Maastricht, NL"]
[Date "2025.06.05"]
[Round "2"]
[White "Van Meegen, Ruud"]
[Black "Grutter, Tim"]
[Result "1/2-1/2"]
[Board "2"]
[WhiteFideId "1034995"]
[BlackFideId "1057472"]
[WhiteTitle "FM"]
[BlackTitle "IM"]
[WhiteElo "2317"]
[BlackElo "2404"]
[WhiteTeam "NED"]
[BlackTeam "NED"]
[WhiteClock "0:03:50"]
[BlackClock "0:01:07"]
[Variant "Standard"]

1. Nf3 {[%clk 1:30:56]}  Nf6 {[%clk 1:30:39]} 2. c4 {[%clk 1:31:17]}  g6 {[%clk 1:30:42]} 3. Nc3 {[%clk 1:31:38]}  Bg7 {[%clk 1:31:02]} 4. e4 {[%clk 1:32:00]}  d6 {[%clk 1:31:06]} 5. d4 {[%clk 1:32:21]}  O-O {[%clk 1:31:27]} 6. Be2 {[%clk 1:32:45]}  e5 {[%clk 1:31:02]} 7. d5 {[%clk 1:32:57]}  a5 {[%clk 1:31:21]} 8. h3 {[%clk 1:32:46]}  Nh5 {[%clk 1:25:00]} 9. g3 {[%clk 1:32:51]}  Na6 {[%clk 1:23:08]} 10. Be3 {[%clk 1:20:16]}  f5 {[%clk 1:18:00]} 11. exf5 {[%clk 1:13:36]}  gxf5 {[%clk 1:17:54]} 12. Bg5 {[%clk 1:11:21]}  Nf6 {[%clk 1:15:33]} 13. Qc2 {[%clk 1:07:46]}  Qe8 {[%clk 1:13:02]} 14. Nh4 {[%clk 1:07:38]}  Nc5 {[%clk 1:07:42]} 15. Be3 {[%clk 1:00:42]}  b6 {[%clk 0:55:24]} 16. O-O-O {[%clk 0:51:42]}  a4 {[%clk 0:51:46]} 17. a3 {[%clk 0:45:11]}  Nb3+ {[%clk 0:46:34]} 18. Kb1 {[%clk 0:45:06]}  Bd7 {[%clk 0:46:17]} 19. Nb5 {[%clk 0:39:14]}  Qc8 {[%clk 0:45:44]} 20. f4 {[%clk 0:38:58]}  Kh8 {[%clk 0:36:36]} 21. Rhg1 {[%clk 0:35:25]}  Ne4 {[%clk 0:31:54]} 22. Bf3 {[%clk 0:35:12]}  Nec5 {[%clk 0:29:33]} 23. Be2 {[%clk 0:26:44]}  Ra5 {[%clk 0:27:47]} 24. Rdf1 {[%clk 0:20:53]}  Qd8 {[%clk 0:17:19]} 25. fxe5 {[%clk 0:18:16]}  dxe5 {[%clk 0:15:48]} 26. Nxf5 {[%clk 0:18:16]}  Bf6 {[%clk 0:15:05]} 27. Bh6 {[%clk 0:14:32]}  Rg8 {[%clk 0:14:26]} 28. g4 {[%clk 0:13:13]}  Rg6 {[%clk 0:13:33]} 29. Be3 {[%clk 0:13:08]}  Bxb5 {[%clk 0:09:21]} 30. cxb5 {[%clk 0:13:32]}  Qd7 {[%clk 0:09:01]} 31. g5 {[%clk 0:12:17]}  Bg7 {[%clk 0:08:03]} 32. h4 {[%clk 0:10:50]}  Nd4 {[%clk 0:07:53]} 33. Bxd4 {[%clk 0:09:40]}  exd4 {[%clk 0:06:43]} 34. h5 {[%clk 0:09:55]}  d3 {[%clk 0:06:32]} 35. Bxd3 {[%clk 0:10:13]}  Nxd3 {[%clk 0:06:52]} 36. hxg6 {[%clk 0:06:36]}  Rxb5 {[%clk 0:07:18]} 37. Qxd3 {[%clk 0:03:14]}  Rxb2+ {[%clk 0:07:24]} 38. Kc1 {[%clk 0:03:36]}  Rb3 {[%clk 0:07:05]} 39. Qe4 {[%clk 0:01:48]}  Qb5 {[%clk 0:06:04]} 40. Nxg7 {[%clk 0:00:45]}  Rc3+ {[%clk 0:06:16]} 41. Kd1 {[%clk 0:00:52]}  Qb3+ {[%clk 0:06:23]} 42. Ke1 {[%clk 0:00:36]}  Re3+ {[%clk 0:05:55]} 43. Qxe3 {[%clk 0:01:02]}  Qxe3+ {[%clk 0:06:23]} 44. Kd1 {[%clk 0:01:26]}  Qd3+ {[%clk 0:06:00]} 45. Ke1 {[%clk 0:01:40]}  Kxg7 {[%clk 0:05:06]} 46. gxh7 {[%clk 0:02:02]}  Qe4+ {[%clk 0:03:23]} 47. Kd1 {[%clk 0:01:11]}  Qxd5+ {[%clk 0:03:32]} 48. Ke2 {[%clk 0:01:31]}  Qe4+ {[%clk 0:03:11]} 49. Kd2 {[%clk 0:01:25]}  Qd4+ {[%clk 0:03:07]} 50. Ke2 {[%clk 0:01:43]}  Kxh7 {[%clk 0:02:23]} 51. g6+ {[%clk 0:02:05]}  Kg7 {[%clk 0:02:40]} 52. Rf7+ {[%clk 0:02:26]}  Kg8 {[%clk 0:03:07]} 53. Rff1 {[%clk 0:02:43]}  Qb2+ {[%clk 0:02:21]} 54. Kd1 {[%clk 0:02:59]}  Qb3+ {[%clk 0:01:43]} 55. Kd2 {[%clk 0:03:20]}  Qb2+ {[%clk 0:01:40]} 56. Kd1 {[%clk 0:03:42]}  Qg7 {[%clk 0:01:00]} 57. Kc2 {[%clk 0:03:36]}  Qd4 {[%clk 0:00:39]} 58. g7 {[%clk 0:03:50]}  Qc4+ {[%clk 0:01:07]} 1/2-1/2

[Event "Masters"]
[Site "Heerlen and Maastricht, NL"]
[Date "2025.06.05"]
[Round "2"]
[White "Fier, Alexandr"]
[Black "Beukema, Stefan"]
[Result "1-0"]
[Board "3"]
[WhiteFideId "2107139"]
[BlackFideId "1024523"]
[WhiteTitle "GM"]
[BlackTitle "IM"]
[WhiteElo "2556"]
[BlackElo "2423"]
[WhiteTeam "BRA"]
[BlackTeam "BEL"]
[WhiteClock "0:39:17"]
[BlackClock "0:01:09"]
[Variant "Standard"]

1. e4 {[%clk 1:30:57]}  e5 {[%clk 1:30:33]} 2. Nf3 {[%clk 1:31:24]}  Nc6 {[%clk 1:30:56]} 3. Bc4 {[%clk 1:31:51]}  Bc5 {[%clk 1:31:17]} 4. c3 {[%clk 1:32:17]}  Nf6 {[%clk 1:31:39]} 5. d3 {[%clk 1:32:44]}  a6 {[%clk 1:31:28]} 6. Bg5 {[%clk 1:33:09]}  h6 {[%clk 1:29:46]} 7. Bh4 {[%clk 1:33:35]}  Qe7 {[%clk 1:17:06]} 8. a4 {[%clk 1:33:21]}  d6 {[%clk 1:16:25]} 9. Nbd2 {[%clk 1:33:46]}  Ba7 {[%clk 1:16:33]} 10. b4 {[%clk 1:34:10]}  O-O {[%clk 1:04:19]} 11. O-O {[%clk 1:34:24]}  Be6 {[%clk 1:03:18]} 12. Re1 {[%clk 1:33:36]}  g5 {[%clk 0:58:01]} 13. Bg3 {[%clk 1:33:47]}  Ne8 {[%clk 0:57:52]} 14. b5 {[%clk 1:31:05]}  Na5 {[%clk 0:54:41]} 15. Ba2 {[%clk 1:26:38]}  Ng7 {[%clk 0:53:06]} 16. d4 {[%clk 1:26:49]}  f6 {[%clk 0:53:20]} 17. Nf1 {[%clk 1:26:45]}  Bxa2 {[%clk 0:47:31]} 18. Rxa2 {[%clk 1:27:12]}  Qf7 {[%clk 0:47:54]} 19. Rc2 {[%clk 1:21:59]}  Nc4 {[%clk 0:42:44]} 20. bxa6 {[%clk 1:22:11]}  bxa6 {[%clk 0:43:06]} 21. h4 {[%clk 1:22:38]}  a5 {[%clk 0:19:19]} 22. N3h2 {[%clk 1:17:51]}  gxh4 {[%clk 0:09:02]} 23. Bxh4 {[%clk 1:18:14]}  f5 {[%clk 0:09:29]} 24. Nd2 {[%clk 1:15:57]}  Nxd2 {[%clk 0:08:00]} 25. Rxd2 {[%clk 1:15:42]}  Rae8 {[%clk 0:03:39]} 26. Rde2 {[%clk 1:09:36]}  Re6 {[%clk 0:00:46]} 27. dxe5 {[%clk 1:01:43]}  dxe5 {[%clk 0:00:39]} 28. Rd2 {[%clk 1:01:35]}  Qg6 {[%clk 0:00:41]} 29. exf5 {[%clk 1:00:27]}  Nxf5 {[%clk 0:00:39]} 30. Re4 {[%clk 1:00:53]}  h5 {[%clk 0:00:48]} 31. Nf3 {[%clk 0:58:07]}  Nxh4 {[%clk 0:00:33]} 32. Rxh4 {[%clk 0:58:33]}  e4 {[%clk 0:00:37]} 33. Nd4 {[%clk 0:59:00]}  Re5 {[%clk 0:01:04]} 34. Re2 {[%clk 0:58:13]}  c5 {[%clk 0:00:37]} 35. Nc2 {[%clk 0:57:41]}  Rg5 {[%clk 0:00:42]} 36. g3 {[%clk 0:56:57]}  c4 {[%clk 0:00:35]} 37. Ne3 {[%clk 0:56:42]}  Kh7 {[%clk 0:00:32]} 38. Kg2 {[%clk 0:53:45]}  Qf6 {[%clk 0:00:31]} 39. Kh3 {[%clk 0:41:40]}  Qf3 {[%clk 0:00:35]} 40. Qe1 {[%clk 0:40:01]}  Bb8 {[%clk 0:00:46]} 41. Rb2 {[%clk 0:39:00]}  Rfg8 {[%clk 0:00:39]} 42. Rxb8 {[%clk 0:38:42]}  Rxg3+ {[%clk 0:00:42]} 43. fxg3 {[%clk 0:39:08]}  Rxg3+ {[%clk 0:01:09]} 44. Kh2 {[%clk 0:39:17]} 1-0

[Event "Masters"]
[Site "Heerlen and Maastricht, NL"]
[Date "2025.06.05"]
[Round "2"]
[White "De Boer, Eelke"]
[Black "De Winter, Arthur"]
[Result "1-0"]
[Board "5"]
[WhiteFideId "1048120"]
[BlackFideId "1069020"]
[WhiteTitle "IM"]
[BlackTitle "IM"]
[WhiteElo "2409"]
[BlackElo "2460"]
[WhiteTeam "NED"]
[BlackTeam "NED"]
[WhiteClock "0:15:21"]
[BlackClock "0:22:40"]
[Variant "Standard"]

1. d4 {[%clk 1:28:11]}  d5 {[%clk 1:30:45]} 2. c4 {[%clk 1:28:34]}  e6 {[%clk 1:30:58]} 3. Nf3 {[%clk 1:28:30]}  Nf6 {[%clk 1:31:23]} 4. g3 {[%clk 1:28:53]}  Bb4+ {[%clk 1:31:44]} 5. Bd2 {[%clk 1:28:31]}  Be7 {[%clk 1:30:57]} 6. Bg2 {[%clk 1:28:52]}  O-O {[%clk 1:31:21]} 7. O-O {[%clk 1:29:14]}  Nbd7 {[%clk 1:31:41]} 8. Qc2 {[%clk 1:24:34]}  c6 {[%clk 1:31:47]} 9. Bf4 {[%clk 1:22:38]}  h6 {[%clk 1:30:14]} 10. Ne5 {[%clk 1:19:35]}  Nxe5 {[%clk 1:27:32]} 11. Bxe5 {[%clk 1:19:57]}  b6 {[%clk 1:25:03]} 12. h3 {[%clk 1:06:57]}  a5 {[%clk 1:08:07]} 13. Nd2 {[%clk 0:58:58]}  Ba6 {[%clk 1:08:16]} 14. Rad1 {[%clk 0:56:25]}  Rc8 {[%clk 1:06:34]} 15. b3 {[%clk 0:56:04]}  Re8 {[%clk 0:57:24]} 16. e4 {[%clk 0:51:19]}  Bb4 {[%clk 0:56:48]} 17. Rfe1 {[%clk 0:44:20]}  a4 {[%clk 0:53:04]} 18. Re2 {[%clk 0:34:53]}  a3 {[%clk 0:48:46]} 19. g4 {[%clk 0:29:55]}  c5 {[%clk 0:41:28]} 20. dxc5 {[%clk 0:28:28]}  Bxc5 {[%clk 0:38:18]} 21. Nf1 {[%clk 0:25:48]}  Nd7 {[%clk 0:35:04]} 22. Bc3 {[%clk 0:19:47]}  Qh4 {[%clk 0:28:00]} 23. exd5 {[%clk 0:19:19]}  exd5 {[%clk 0:27:55]} 24. Rxd5 {[%clk 0:18:03]}  Nf6 {[%clk 0:28:04]} 25. Rf5 {[%clk 0:18:09]}  Nxg4 {[%clk 0:24:54]} 26. hxg4 {[%clk 0:16:56]}  Qxg4 {[%clk 0:25:22]} 27. Re4 {[%clk 0:16:48]}  Qg6 {[%clk 0:25:32]} 28. Rff4 {[%clk 0:16:51]}  Qd6 {[%clk 0:22:58]} 29. Rg4 {[%clk 0:16:21]}  g5 {[%clk 0:23:18]} 30. Ng3 {[%clk 0:16:02]}  b5 {[%clk 0:23:11]} 31. Rxe8+ {[%clk 0:15:09]}  Rxe8 {[%clk 0:23:40]} 32. Ne4 {[%clk 0:15:08]}  Rxe4 {[%clk 0:22:40]} 33. Rxe4 {[%clk 0:15:21]} 1-0

[Event "Masters"]
[Site "Heerlen and Maastricht, NL"]
[Date "2025.06.05"]
[Round "3"]
[White "De Winter, Arthur"]
[Black "Braun, Christian"]
[Result "1/2-1/2"]
[Board "1"]
[WhiteFideId "1069020"]
[BlackFideId "4692098"]
[WhiteTitle "IM"]
[BlackTitle "IM"]
[WhiteElo "2460"]
[BlackElo "2390"]
[WhiteTeam "NED"]
[BlackTeam "GER"]
[WhiteClock "0:07:34"]
[BlackClock "0:26:46"]
[Variant "Standard"]

1. d4 {[%clk 1:30:27]}  Nf6 {[%clk 1:22:38]} 2. c4 {[%clk 1:30:50]}  g6 {[%clk 1:22:44]} 3. Nc3 {[%clk 1:31:15]}  d5 {[%clk 1:22:20]} 4. cxd5 {[%clk 1:31:22]}  Nxd5 {[%clk 1:22:42]} 5. e4 {[%clk 1:31:48]}  Nxc3 {[%clk 1:23:03]} 6. bxc3 {[%clk 1:32:15]}  Bg7 {[%clk 1:23:24]} 7. Bc4 {[%clk 1:30:19]}  c5 {[%clk 1:23:40]} 8. Ne2 {[%clk 1:30:39]}  Nc6 {[%clk 1:23:50]} 9. Be3 {[%clk 1:31:02]}  O-O {[%clk 1:24:14]} 10. O-O {[%clk 1:31:26]}  Na5 {[%clk 1:24:40]} 11. Bd3 {[%clk 1:31:24]}  b6 {[%clk 1:25:08]} 12. Rc1 {[%clk 1:25:17]}  cxd4 {[%clk 1:17:09]} 13. cxd4 {[%clk 1:25:19]}  e6 {[%clk 1:17:31]} 14. Qd2 {[%clk 1:19:31]}  Bb7 {[%clk 1:17:53]} 15. h4 {[%clk 1:17:45]}  Qd7 {[%clk 1:13:02]} 16. h5 {[%clk 1:02:47]}  Rfc8 {[%clk 1:13:09]} 17. h6 {[%clk 1:01:01]}  Bf8 {[%clk 1:12:49]} 18. Ng3 {[%clk 0:52:44]}  Rxc1 {[%clk 1:09:02]} 19. Rxc1 {[%clk 0:50:32]}  Rc8 {[%clk 1:09:06]} 20. Rd1 {[%clk 0:45:25]}  Nc4 {[%clk 1:07:08]} 21. Bxc4 {[%clk 0:45:38]}  Rxc4 {[%clk 1:07:31]} 22. d5 {[%clk 0:45:02]}  e5 {[%clk 1:05:59]} 23. f3 {[%clk 0:40:22]}  Bd6 {[%clk 1:03:26]} 24. Nf1 {[%clk 0:33:04]}  Qa4 {[%clk 1:01:37]} 25. Bf2 {[%clk 0:28:16]}  Rc2 {[%clk 0:58:02]} 26. Qd3 {[%clk 0:20:05]}  Qxa2 {[%clk 0:46:48]} 27. Rd2 {[%clk 0:20:06]}  Rxd2 {[%clk 0:45:34]} 28. Nxd2 {[%clk 0:20:26]}  Qa1+ {[%clk 0:42:50]} 29. Kh2 {[%clk 0:20:45]}  Qc1 {[%clk 0:42:56]} 30. Be3 {[%clk 0:19:31]}  Qc8 {[%clk 0:41:47]} 31. Nc4 {[%clk 0:18:42]}  Bb8 {[%clk 0:37:06]} 32. Qb3 {[%clk 0:11:26]}  Ba6 {[%clk 0:35:13]} 33. Nxb6 {[%clk 0:07:20]}  Qd8 {[%clk 0:27:04]} 34. Na4 {[%clk 0:07:07]}  Qh4+ {[%clk 0:26:36]} 35. Kg1 {[%clk 0:07:34]}  Qe1+ {[%clk 0:26:46]} 1/2-1/2

[Event "Masters"]
[Site "Heerlen and Maastricht, NL"]
[Date "2025.06.05"]
[Round "3"]
[White "Schoppen, Casper"]
[Black "De Boer, Eelke"]
[Result "1-0"]
[Board "2"]
[WhiteFideId "1046730"]
[BlackFideId "1048120"]
[WhiteTitle "GM"]
[BlackTitle "IM"]
[WhiteElo "2535"]
[BlackElo "2409"]
[WhiteTeam "NED"]
[BlackTeam "NED"]
[WhiteClock "0:00:57"]
[BlackClock "0:06:45"]
[Variant "Standard"]

1. c4 {[%clk 1:30:54]}  Nf6 {[%clk 1:27:28]} 2. Nc3 {[%clk 1:31:19]}  e6 {[%clk 1:27:48]} 3. e4 {[%clk 1:30:29]}  c5 {[%clk 1:27:52]} 4. e5 {[%clk 1:30:26]}  Ng8 {[%clk 1:28:14]} 5. Nf3 {[%clk 1:29:36]}  Nc6 {[%clk 1:28:23]} 6. d4 {[%clk 1:29:47]}  cxd4 {[%clk 1:28:45]} 7. Nxd4 {[%clk 1:30:13]}  Nxe5 {[%clk 1:29:06]} 8. Ndb5 {[%clk 1:30:39]}  a6 {[%clk 1:18:31]} 9. Nd6+ {[%clk 1:30:17]}  Bxd6 {[%clk 1:18:53]} 10. Qxd6 {[%clk 1:30:44]}  f6 {[%clk 1:19:15]} 11. f4 {[%clk 1:30:08]}  Nf7 {[%clk 1:19:10]} 12. Qb4 {[%clk 1:30:32]}  Qe7 {[%clk 1:05:34]} 13. Qb6 {[%clk 1:22:20]}  Ngh6 {[%clk 1:04:03]} 14. Bd2 {[%clk 1:18:23]}  d5 {[%clk 0:57:17]} 15. O-O-O {[%clk 1:13:59]}  O-O {[%clk 0:50:53]} 16. g4 {[%clk 0:39:20]}  Nxg4 {[%clk 0:31:47]} 17. Rg1 {[%clk 0:38:30]}  Ngh6 {[%clk 0:32:11]} 18. cxd5 {[%clk 0:35:02]}  exd5 {[%clk 0:31:25]} 19. Nxd5 {[%clk 0:34:42]}  Qe6 {[%clk 0:30:51]} 20. Bb4 {[%clk 0:21:48]}  Re8 {[%clk 0:25:10]} 21. Nxf6+ {[%clk 0:08:29]}  Kh8 {[%clk 0:25:28]} 22. Rxg7 {[%clk 0:07:11]}  Kxg7 {[%clk 0:24:02]} 23. Nxe8+ {[%clk 0:07:29]}  Qxe8 {[%clk 0:24:04]} 24. Qd4+ {[%clk 0:05:04]}  Kg6 {[%clk 0:16:01]} 25. Bc3 {[%clk 0:03:52]}  Bf5 {[%clk 0:10:51]} 26. Re1 {[%clk 0:03:38]}  Qd7 {[%clk 0:09:48]} 27. Qf6+ {[%clk 0:01:41]}  Kh5 {[%clk 0:10:17]} 28. Re5 {[%clk 0:01:09]}  Kg4 {[%clk 0:07:14]} 29. Be2+ {[%clk 0:00:55]}  Kxf4 {[%clk 0:06:22]} 30. Qh4+ {[%clk 0:00:46]}  Ng4 {[%clk 0:06:45]} 31. Qg3+ {[%clk 0:00:57]} 1-0

[Event "Masters"]
[Site "Heerlen and Maastricht, NL"]
[Date "2025.06.05"]
[Round "3"]
[White "Beukema, Stefan"]
[Black "Vrolijk, Liam"]
[Result "1/2-1/2"]
[Board "3"]
[WhiteFideId "1024523"]
[BlackFideId "1048333"]
[WhiteTitle "IM"]
[BlackTitle "GM"]
[WhiteElo "2423"]
[BlackElo "2509"]
[WhiteTeam "BEL"]
[BlackTeam "NED"]
[WhiteClock "1:12:43"]
[BlackClock "1:02:09"]
[Variant "Standard"]

1. c4 {[%clk 1:29:19]}  Nf6 {[%clk 1:30:00]} 2. g3 {[%clk 1:29:38]}  e5 {[%clk 1:29:41]} 3. Bg2 {[%clk 1:29:28]}  c6 {[%clk 1:29:38]} 4. Nf3 {[%clk 1:29:16]}  e4 {[%clk 1:29:33]} 5. Nd4 {[%clk 1:29:41]}  Qb6 {[%clk 1:28:25]} 6. Nc2 {[%clk 1:21:40]}  d5 {[%clk 1:27:17]} 7. cxd5 {[%clk 1:21:20]}  cxd5 {[%clk 1:27:38]} 8. d3 {[%clk 1:20:04]}  Nc6 {[%clk 1:16:52]} 9. O-O {[%clk 1:18:11]}  Be7 {[%clk 1:16:41]} 10. Nc3 {[%clk 1:18:01]}  O-O {[%clk 1:15:58]} 11. dxe4 {[%clk 1:14:34]}  dxe4 {[%clk 1:15:57]} 12. Be3 {[%clk 1:13:29]}  Qxb2 {[%clk 1:02:09]} 13. Qd2 {[%clk 1:12:43]} 1/2-1/2